<?xml version="1.0" encoding="UTF-8"?>
<record
    xmlns:xsi="http://www.w3.org/2001/XMLSchema-instance"
    xsi:schemaLocation="http://www.loc.gov/MARC21/slim http://www.loc.gov/standards/marcxml/schema/MARC21slim.xsd"
    xmlns="http://www.loc.gov/MARC21/slim">

  <leader>08971cam a2200397 i 4500</leader>
  <datafield tag="999" ind1=" " ind2=" ">
    <subfield code="c">28089</subfield>
    <subfield code="d">28060</subfield>
  </datafield>
  <controlfield tag="001">20356190</controlfield>
  <controlfield tag="003">EG-ScBUE</controlfield>
  <controlfield tag="005">20200215093155.0</controlfield>
  <controlfield tag="008">180209t2019    enkb   f b    001 0 eng d</controlfield>
  <datafield tag="020" ind1=" " ind2=" ">
    <subfield code="a">9781138047686</subfield>
  </datafield>
  <datafield tag="035" ind1=" " ind2=" ">
    <subfield code="a">(DGU)ocm00000NEW</subfield>
  </datafield>
  <datafield tag="040" ind1=" " ind2=" ">
    <subfield code="a">DGU/DLC</subfield>
    <subfield code="b">eng</subfield>
    <subfield code="e">rda</subfield>
    <subfield code="c">DGU</subfield>
    <subfield code="d">DLC</subfield>
    <subfield code="d">EG-ScBUE</subfield>
  </datafield>
  <datafield tag="043" ind1=" " ind2=" ">
    <subfield code="a">aw-----</subfield>
    <subfield code="a">a-is---</subfield>
  </datafield>
  <datafield tag="082" ind1="0" ind2="4">
    <subfield code="a">956.04</subfield>
    <subfield code="b">MAH</subfield>
    <subfield code="2">22</subfield>
  </datafield>
  <datafield tag="100" ind1="1" ind2=" ">
    <subfield code="a">Mahler, Gregory S.,</subfield>
    <subfield code="d">1950-</subfield>
    <subfield code="e">author.</subfield>
  </datafield>
  <datafield tag="245" ind1="1" ind2="4">
    <subfield code="a">The Arab-Israeli conflict :</subfield>
    <subfield code="b">an introduction and documentary reader /</subfield>
    <subfield code="c">Gregory S. Mahler.</subfield>
  </datafield>
  <datafield tag="250" ind1=" " ind2=" ">
    <subfield code="a">Second edition.</subfield>
  </datafield>
  <datafield tag="264" ind1=" " ind2="1">
    <subfield code="a">Milton Park, Abingdon, Oxon ;</subfield>
    <subfield code="a">New York, NY :</subfield>
    <subfield code="b">Routledge Taylor &amp; Francis Group,</subfield>
    <subfield code="c">2019.</subfield>
  </datafield>
  <datafield tag="300" ind1=" " ind2=" ">
    <subfield code="a">xii, 420 pages :</subfield>
    <subfield code="b">maps ;</subfield>
    <subfield code="c">24 cm</subfield>
  </datafield>
  <datafield tag="336" ind1=" " ind2=" ">
    <subfield code="a">text</subfield>
    <subfield code="2">rdacontent</subfield>
    <subfield code="b">txt</subfield>
  </datafield>
  <datafield tag="337" ind1=" " ind2=" ">
    <subfield code="a">unmediated</subfield>
    <subfield code="2">rdamedia</subfield>
    <subfield code="b">n</subfield>
  </datafield>
  <datafield tag="338" ind1=" " ind2=" ">
    <subfield code="a">volume</subfield>
    <subfield code="2">rdacarrier</subfield>
    <subfield code="b">nc</subfield>
  </datafield>
  <datafield tag="504" ind1=" " ind2=" ">
    <subfield code="a">Includes bibliographical references and index.</subfield>
  </datafield>
  <datafield tag="505" ind1="0" ind2=" ">
    <subfield code="a">Introduction -- From Herzl (1896) to recognition as a state -- Theodor Herzl, the Jewish state (1896) -- The Basle program, resolutions of the first Zionist congress (August 30, 1897) -- Sir Henry McMahon : the McMahon letter (October 24, 1915) -- The Sykes-Picot agreement -- The Balfour declaration (November 2, 1917) -- The Weizmann-Feisal agreement (January 3, 1919) -- The white paper of 1922 (June, 1922) (the "Churchill white paper") -- The mandate for Palestine (July 24, 1922) -- British Prime Minister Ramsay Macdonald letter to Chaim Weizmann (February 13, 1931) -- The Palestine Royal Commission (Peel Commission) : report (July 24, 1937) -- British government : policy statement against partition (November 11, 1938) -- British government : the white paper (May 17, 1939) -- Zionist reaction to the white paper -- The Biltmore program : towards a Jewish state (May 11, 1942) -- Arab office report to Anglo-American Committee (March, 1946) -- U.N. General Assembly resolution 181, the partition of Palestine (November 29, 1947) -- Declaration of the establishment of the state of Israel (May 14, 1948) -- Creation of a Conciliation Commission, General Assembly resolution 194 (iii) (December 11, 1948) -- Admission of Israel to the United Nations, General Assembly resolution 273 (May 11, 1949) -- From recognition (1949) through the start of a peace process -- General Assembly resolution 303 (iv) : Palestine: question of an international regime for the Jerusalem area and the protection of the holy places (December, 1949) -- State of Israel : law of return (July, 1950) -- U.N. security council : resolution 95, concerning . . . the passage of ships through the Suez Canal (September 1, 1951) -- Palestine National Authority : Palestine Liberation Organization draft constitution (December, 1963) -- Israeli Foreign Minister Abba Eban : speech to the Security Council of the United Nations (June 6, 1967) -- Protection of holy places law (June 27, 1967) -- The Khartoum resolutions (September 1, 1967) -- U.N. Security Council : resolution 242 (November 22, 1967) -- The Palestinian National Charter : resolutions of the Palestine National Council (July 1-17, 1968) -- The seven points of Fatah (January, 1969) -- U.N. Security Council : resolution 338 (October 22, 1973) -- Palestine National Council : resolutions at the 12th session of the Palestine National Council (June, 1974) -- Interim agreement between Israel and Egypt (September 1, 1975) -- Statement to the Knesset by President Anwar al Sadat (November 20, 1977) -- Statement to the Knesset by Prime Minister Menachem Begin (November 20, 1977) -- Six-point program of the Palestine Liberation Organization (December 4, 1977) -- The Camp David accords (September 17, 1978) -- From Israeli-Egyptian peace (1979) to Israeli-Jordanian peace -- Peace treaty between Israel and Egypt (March 26, 1979) -- Basic law : Jerusalem, capital of Israel (July, 1980) -- Saudi Crown Prince Fahd ibn abd al-Aziz : the Fahd plan (August 7, 1981) -- Golan Heights law (December 14, 1981) -- Prime Minister Menachem Begin : the wars of no alternative and operation peace for the Galilee (August 8, 1982) -- Agreement between Israel and Lebanon (May 17, 1983) -- Palestine National Council : declaration of independence (November 15, 1988) -- Israel's peace initiative (May 14, 1989) -- U.S. Secretary of State James Baker's five-point plan (October 10, 1989) -- Letter of invitation to the Madrid Peace Conference (October 30, 1991), jointly issued by the United States and the Soviet Union -- Israel-PLO recognition : exchange of letters between Prime Minister Rabin and Chairman Arafat (September 9, 1993) -- Declaration of principles on interim self-government arrangements [Oslo agreement] (September 13, 1993) -- Israel-Jordan common agenda (September 14, 1993) -- Agreement on the Gaza Strip and the Jericho area (May 4, 1994) -- The Washington declaration (July 25, 1994) -- Treaty of peace between the Hashemite Kingdom of Jordan and the state of Israel (October 26, 1994) -- From interim agreements (1995) to the present time -- Israeli-Palestinian interim agreement on the West Bank and the Gaza Strip (september 28, 1995) -- What is area C? (based on September 28, 1995 agreement) -- Speech by Prime Minister Yitzhak Rabin to the Knesset supporting the Israeli-Palestinian interim agreement (October 5, 1995) -- Speech by Prime Minister Rabin at a peace rally (November 4, 1995) -- Israel-Lebanon cease fire understanding (April 26, 1996) -- The Wye River memorandum (October 23, 1998) -- Address in the Knesset by Prime Minister-elect Ehud Barak upon the presentation of his government (July 7, 1999) -- Sharm el-Sheikh memorandum (September 4, 1999) -- Protocol concerning safe passage between the West Bank and the Gaza Strip (October 5, 1999) -- Trilateral statement on the Middle East Peace Summit at Camp David (July 25, 2000) -- Taba Summit (January, 2001) -- Sharm el-sheikh fact-finding Committee final report (April 30, 2001) -- The Arab Peace Initiative (March, 2002) -- Roadmap to a solution of the Israeli-Palestinian conflict (April 30, 2003) -- The disengagement plan from Gaza Strip and northern Samaria (April 18, 2004) -- International Court of Justice advisory opinion (July 9, 2004) -- Prime minister Ariel Sharon's address to the Knesset -- The vote on the disengagement plan (October 25, 2004) -- U.N. Security Council : Resolution 1701 (August 11, 2006) -- Announcement of Annapolis Conference (November 20, 2007) -- Joint understanding on negotiations (November 27, 2007) -- Israeli PM Olmert declares unilateral ceasefire in Gaza (January 17, 2009) -- Remarks by President Barack Obama at Cairo University (June 4, 2009) -- United Nations : human rights in Palestine (September 25, 2009) -- Understanding regarding ceasefire in Gaza Strip (November 21, 2012) -- The 2014 Gaza conflict (May, 2015) -- Israeli Foreign Ministry -- the nuclear deal with Iran (July 27, 2015) -- President Barack Obama on the Iran nuclear deal (August 15, 2015) -- Report of the Middle East Quartet (July 1, 2016) -- Paris Conference joint communique (January 15, 2017) -- Trump administration recognition of Jerusalem as the capital of Israel (December 6, 2017).</subfield>
  </datafield>
  <datafield tag="520" ind1=" " ind2=" ">
    <subfield code="a">The Arab-Israeli conflict has been one of the most protracted and contentious disputes in modern history. This wide-ranging textbook examines the diplomatic and historical setting within which the conflict developed, from both the Israeli and Palestinian perspectives, and gives a comprehensive overview of the peace process. The new edition includes a fully revised and updated introduction and a wider selection of documents up to the first year of the Trump presidency. Enabling students to easily access and study original documents through the supportive framework of a textbook, The Arab-Israeli Conflict: - presents over eighty of the most important and widely cited documents in the history of the Israeli-Palestinian conflict - presents these documents in an edited form to highlight key elements - includes an introductory chapter which sets the context for the study of the history of the area - covers a comprehensive historical period, ranging from the 19th Century to the present day - incorporates a wide range of pedagogical aids: original documents, maps and boxed sections. This important textbook is an essential aid for courses on the Arab-Israeli conflict and the Middle East peace process, and will be an invaluable reference tool for all students of political science, Middle East studies and history.</subfield>
  </datafield>
  <datafield tag="650" ind1=" " ind2="7">
    <subfield code="a">Arab-Israeli conflict.</subfield>
    <subfield code="2">BUEsh</subfield>
  </datafield>
  <datafield tag="650" ind1=" " ind2="7">
    <subfield code="a">Arab-Israeli conflict</subfield>
    <subfield code="v">Sources.</subfield>
    <subfield code="2">BUEsh</subfield>
  </datafield>
  <datafield tag="651" ind1=" " ind2="7">
    <subfield code="a">Middle East</subfield>
    <subfield code="x">Politics and government</subfield>
    <subfield code="y">1945-</subfield>
    <subfield code="2">BUEsh</subfield>
  </datafield>
  <datafield tag="651" ind1=" " ind2="0">
    <subfield code="a">Middle East</subfield>
    <subfield code="x">Politics and government</subfield>
    <subfield code="y">1945-</subfield>
    <subfield code="v">Sources.</subfield>
    <subfield code="2">BUEsh</subfield>
  </datafield>
  <datafield tag="653" ind1=" " ind2=" ">
    <subfield code="b">BUSBOL</subfield>
    <subfield code="c">February2020</subfield>
  </datafield>
  <datafield tag="655" ind1=" " ind2=" ">
    <subfield code="v">Reading book</subfield>
    <subfield code="9">34232</subfield>
  </datafield>
  <datafield tag="906" ind1=" " ind2=" ">
    <subfield code="a">7</subfield>
    <subfield code="b">cbc</subfield>
    <subfield code="c">orignew</subfield>
    <subfield code="d">1</subfield>
    <subfield code="e">ecip</subfield>
    <subfield code="f">20</subfield>
    <subfield code="g">y-gencatlg</subfield>
  </datafield>
  <datafield tag="942" ind1=" " ind2=" ">
    <subfield code="2">ddc</subfield>
    <subfield code="c">BB</subfield>
  </datafield>
  <datafield tag="952" ind1=" " ind2=" ">
    <subfield code="0">0</subfield>
    <subfield code="1">0</subfield>
    <subfield code="2">ddc</subfield>
    <subfield code="4">0</subfield>
    <subfield code="7">0</subfield>
    <subfield code="8">Alahram</subfield>
    <subfield code="a">MAIN</subfield>
    <subfield code="b">MAIN</subfield>
    <subfield code="c">2ND</subfield>
    <subfield code="d">2020-02-15</subfield>
    <subfield code="e">Purchase</subfield>
    <subfield code="g">635.00</subfield>
    <subfield code="h">487</subfield>
    <subfield code="l">0</subfield>
    <subfield code="o">956.04 MAH</subfield>
    <subfield code="p">000048657</subfield>
    <subfield code="r">2025-07-15 00:00:00</subfield>
    <subfield code="v">793.75</subfield>
    <subfield code="w">2020-02-15</subfield>
    <subfield code="y">NB</subfield>
  </datafield>
  <datafield tag="952" ind1=" " ind2=" ">
    <subfield code="0">0</subfield>
    <subfield code="1">0</subfield>
    <subfield code="2">ddc</subfield>
    <subfield code="4">0</subfield>
    <subfield code="7">0</subfield>
    <subfield code="8">Alahram</subfield>
    <subfield code="a">MAIN</subfield>
    <subfield code="b">MAIN</subfield>
    <subfield code="c">2ND</subfield>
    <subfield code="d">2020-02-15</subfield>
    <subfield code="e">Purchase</subfield>
    <subfield code="g">635.00</subfield>
    <subfield code="h">487</subfield>
    <subfield code="l">1</subfield>
    <subfield code="m">16</subfield>
    <subfield code="o">956.04 MAH</subfield>
    <subfield code="p">000048658</subfield>
    <subfield code="r">2025-07-15 00:00:00</subfield>
    <subfield code="s">2023-02-07</subfield>
    <subfield code="v">793.75</subfield>
    <subfield code="w">2020-02-15</subfield>
    <subfield code="y">BB</subfield>
  </datafield>
</record>
